Bordering American Country Match Quiz Stats

 Plays Quiz Updated Feb 18, 2019

Score 0/9 Timer 03:00
3 Plays Today
% Correct
Canada
95.2%
Haiti
83.3%
Uruguay
67.5%
Colombia
67.2%
Suriname
65.4%
Panama
58%
Peru
54.2%
Guatemala
50.6%
Honduras
48.8%

You're not logged in!

Compare scores with friends on all Sporcle quizzes.
OR
Log In

Show Comments

Extras

Top Quizzes Today


Score Distribution

Your Account Isn't Verified!

In order to create a playlist on Sporcle, you need to verify the email address you used during registration. Go to your Sporcle Settings to finish the process.

Report this User

Report this user for behavior that violates our Community Guidelines.

Details: